000 01161nam a22003257a 4500
001 240
003 FISKH
005 20230309113056.0
008 230309b cb ||||| |||| 00| 0 eng d
020 _a9780439224208
040 _aDLC
_cDLC
_dDLC
_dFISKH
_beng
050 0 0 _aPZ7.P968
_bFi 1999
082 0 0 _a823.914
_221
100 1 _aPullman, Philip,
_d1946-
245 1 4 _aThe firework-maker's daughter /
_cby Philip Pullman ; illustrations by S. Saelig Gallagher.
250 _aFirst Scholastic after words printing
260 _aNew York
_bScholastic
_c2006
300 _a97 p. :
_bill. ;
_c20 cm.
505 _aQ
520 _aIn a country far to the east, Chulak and his talking white elephant Hamlet help Lila seek the Royal Sulphur from the sacred volcano so that she can become a master maker of fireworks like her father.
521 8 _a870
_bLexile
521 8 _aQ
_bRaz-Plus
650 1 _aFireworks
_vFiction.
650 1 _aMagic
_vFiction.
650 1 _aElephants
_vFiction.
650 1 _aAdventure and adventurers
_vFiction.
700 1 _aGallagher, Susan,
_eill.
906 _a7
_bcbc
_corignew
_d1
_eocip
_f19
_gy-gencatlg
942 _2ddc
_cBK
_n0
999 _c240
_d240